Statistics for Guess the state that turns blue 3

Click here to take the quiz!

General Stats

  • This quiz has been taken 34 times
  • The average score is 10 of 10

Answers on the Map

Answers color-coded by a green-red scale on the quiz's map according to % correct below.
 

Answer Stats

Answer% Correct
Massachusetts
100%
New Mexico
100%
Tennessee
100%
Illinois
97%
Virginia
97%
Mississippi
94%
Ohio
94%
Pennsylvania
94%
West Virginia
88%
Missouri
85%

Score Distribution

Percentile by Number Answered

Percent of People with Each Score

Your Score History

You have not taken this quiz